000 00702nam a2200205Ii 4500
003 JO-AjNU
008 230605s9999||||xx |||||||||||||| ||und||
017 _a1984/1541
040 _aJO-AjNU
_bara
_erda
_cJO-AjNU
041 _aara
050 1 4 _aPJ8042.M8788 1984
100 3 _aالموسوي،محسن جاسم,
_eauthor
_98958
245 0 0 _aنزعة الحداثة في القصة العراقية: مرحلة الخمسينات
264 3 1 _aبغداد: المكتبة العالمية، 1984
300 _a187ص
336 _atext
_btxt
_2rdacontent
337 _aunmediated
_bn
_2rdamedia
338 _avolume
_bnc
_2rdacarrier
650 4 _aالأدب العربي - قصص - العراق
_98959
999 _aA1053
_c4621
_d4621